Patient-Surgeon Communication in Thoracic Surgery Insights from a European Multi-Country Survey on the Perioperative Experience /

Many advancements have occurred in surgery from the technical side with increasingly sophisticated minimally invasive surgical options to the patient care side with the advent of ERAS and patient-related outcomes research. Patient-related outcomes research has allowed providers to focus on what is m...

Teljes leírás

Elmentve itt :
Bibliográfiai részletek
Szerzők: Pineda Jonathan
Atiyani Obieda
Moreno Nicolas
Novoa Nuria
Bolufer Nadal Sergio
Zsoldos Peter
Pfeuty Karel
Ismail Mahmoud
Licht Peter
Nosotti Mario
Refai Majed
Belcher Elizabeth
Jenkins Melanie
Zielinski Marcin
Baláž Róbert
Kuhajda Ivan
Montague Debra
Janik Miro
Furák József
Baird Ann-Marie
Casali Gianluca
Pompili Cecilia
Dokumentumtípus: Cikk
Megjelent: 2025
Sorozat:Interdisciplinary CardioVascular and Thoracic Surgery 40 No. 10
Tárgyszavak:
doi:10.1093/icvts/ivaf228

mtmt:36358870
Online Access:http://publicatio.bibl.u-szeged.hu/38221
LEADER 03196nab a2200469 i 4500
001 publ38221
005 20251106085030.0
008 251106s2025 hu o 000 eng d
022 |a 2753-670X 
024 7 |a 10.1093/icvts/ivaf228  |2 doi 
024 7 |a 36358870  |2 mtmt 
040 |a SZTE Publicatio Repozitórium  |b hun 
041 |a eng 
100 1 |a Pineda Jonathan 
245 1 0 |a Patient-Surgeon Communication in Thoracic Surgery  |h [elektronikus dokumentum] :  |b Insights from a European Multi-Country Survey on the Perioperative Experience /  |c  Pineda Jonathan 
260 |c 2025 
300 |a 9 
490 0 |a Interdisciplinary CardioVascular and Thoracic Surgery  |v 40 No. 10 
520 3 |a Many advancements have occurred in surgery from the technical side with increasingly sophisticated minimally invasive surgical options to the patient care side with the advent of ERAS and patient-related outcomes research. Patient-related outcomes research has allowed providers to focus on what is most important to a patient when it comes to quality of life, however, an ill-defined disconnect persists between the desires of patients and the perspectives of surgeons on what the patient values the most.A rigorously designed multi-country European survey of 9 carefully curated questions meant to mimic the perioperative journey for both the patient and surgeon distributed through an online link or paper version who recently underwent thoracic surgery and to surgeons involved with thoracic surgical care to explore the possible disconnect of perceptions of care throughout the perioperative journey.A total of 444 participants (230 patients and 214 surgeons) from different parts of Europe responded to the survey. Noted discrepancies were found throughout the preoperative, intraoperative and post-operative phases when it came to perception of information given and understood, what was communicated, and how care was implemented.This study identifies critical gaps in the communication and perception of surgical care between patients and surgeons, emphasizing the need for the implementation of shared decision-making, and increasing awareness of enhanced holistic support throughout the perioperative journey. 
650 4 |a Klinikai orvostan 
700 0 1 |a Atiyani Obieda  |e aut 
700 0 1 |a Moreno Nicolas  |e aut 
700 0 1 |a Novoa Nuria  |e aut 
700 0 2 |a Bolufer Nadal Sergio  |e aut 
700 0 2 |a Zsoldos Peter  |e aut 
700 0 2 |a Pfeuty Karel  |e aut 
700 0 2 |a Ismail Mahmoud  |e aut 
700 0 2 |a Licht Peter  |e aut 
700 0 2 |a Nosotti Mario  |e aut 
700 0 2 |a Refai Majed  |e aut 
700 0 2 |a Belcher Elizabeth  |e aut 
700 0 2 |a Jenkins Melanie  |e aut 
700 0 2 |a Zielinski Marcin  |e aut 
700 0 2 |a Baláž Róbert  |e aut 
700 0 2 |a Kuhajda Ivan  |e aut 
700 0 2 |a Montague Debra  |e aut 
700 0 2 |a Janik Miro  |e aut 
700 0 2 |a Furák József  |e aut 
700 0 2 |a Baird Ann-Marie  |e aut 
700 0 2 |a Casali Gianluca  |e aut 
700 0 2 |a Pompili Cecilia  |e aut 
856 4 0 |u http://publicatio.bibl.u-szeged.hu/38221/1/PinedaJonathan....Furak...Patient-SurgeonCommunicationinThoracicSurgeryInsightsfromaEuropeanMulti-CountrySurveyonthePerioperativeExperience.pdf  |z Dokumentum-elérés